000 02023cam a2200481 a 4500
001 21501
003 VRT
005 20260302151211.0
008 240318s2014 xo a b 000 p slo
015 _aSNBA2015/01
020 _a9788081151880
_q(viaz.)
035 _a688FB815-76CF-473B-AA45-95E0ACAB2489
035 _aurn:nbn:sk:snk-amjp3l
035 _aurn:nbn:sk:snk-am002cot
039 9 _a202403181346
_bVLOAD
_c202011200818
_dAUTHORITY
_c202011200803
_dAUTHORITY
_c201604291520
_dVLOAD
040 _aPPPK
_bslo
_cPPPK
_dSNK
_eAACR2
041 0 _aslo
044 _axo
_cSK
072 7 _a821.162.4-1
_xSlovenská poézia
_2konspekt
072 7 _a821-93
_xLiteratúra pre deti a mládež (beletria)
_2konspekt
080 _a821.162.4-1
_22001
080 _a821-93
_22001
100 1 _aRojček, František,
_d1949-
_4aut
245 1 0 _aSnehuliačik šepol mame
_cFrantišek Rojček ; [ilustrovala: Katarína Ilkovičová ; zostavil a doslov napísal Ondrej Sliacký]
260 _aMartin
_bVydavateľstvo Matice slovenskej
_c2014
300 _a75 s.
_bfareb. ilustr.
_c28 cm
655 7 _aslovenská poézia
_2SNKPH
655 7 _apublikácie pre deti
_2SNKPH
655 7 _aSlovak poetry
_2SNKPHeng
655 7 _aChildren's literature
_2SNKPHeng
700 1 _aIlkovičová, Katarína,
_d1982-
_4ill
700 1 _aSliacky, Ondrej,
_d1941-
_4com
711 2 _aNajkrajšie a najlepšie detské knihy jari, leta, jesene a zimy na Slovensku
_n(25 :
_d2014 :
_cBratislava, Slovensko).
_eNajkrajšia detská kniha jesene 2014
942 _2ddc
_cKLDE
_n0
949 _617A1133260
_asnkSB 87601
_bsnk2014/27918
_o2695/14
_s6100:20140925
949 _617A1133259
_asnkSB 87601 D1
_bsnk2014/27920
_o2695/14
949 _6270001000479128
_asvkbbC 59812
_bsvkbbm 750135
949 _62889217959
_asavukPV 19987
_bsavuk2014/4555
949 _63870A23520
_abinNDK 2014/13
_bbin23520
949 _63870A23579
_abinIL 1218
_bbin23579
949 _6273K0594263
_asvkpoC 56002
_bsvkpo591787
999 _c21501
_d21501